Capital Cities with the longest period of no night - Statistics

General Stats
  • This quiz has been taken 38 times
    33 since last reset
  • The average score is 19 of 20
Answer Stats
Duration Capital % Correct
69 Days Berlin
100%
94 Days Copenhagen
100%
76 Days Dublin
100%
123 Days Helsinki
100%
59 Days London
100%
95 Days Moscow
100%
121 Days Oslo
100%
145 Days Reykjavik
100%
103 Days Riga
100%
118 Days Stockholm
100%
68 Days Amsterdam
97%
81 Days Minsk
97%
66 Days Warsaw
97%
52 Days Brussels
93%
35 Days Luxembourg
93%
17 Days Paris
93%
119 Days Tallinn
93%
47 Days Kyiv
90%
87 Days Vilnius
90%
42 Days Prague
87%
No matching quizzes found
Score Distribution
Percent of People with Each Score
Percentile by Number Answered
Your Score History
You have not taken this quiz since the last reset